[Event "FIN-chT"]
[Site "Finland"]
[Date "1994.??.??"]
[Round "?"]
[White "Paasikangas Tella, Johanna"]
[Black "Hakulinen, Esko Matti"]
[Result "1/2-1/2"]
[WhiteElo "2155"]
[BlackElo "2330"]
[PlyCount "80"]
[EventDate "1994.??.??"]
[EventType "team"]
[EventRounds "11"]
[EventCountry "FIN"]
[SourceTitle "EXT 1998"]
[Source "ChessBase"]
[SourceDate "1997.11.17"]
[SourceVersion "1"]
[SourceVersionDate "1997.11.17"]
[SourceQuality "1"]

1. d4 d5 2. c4 e6 3. Nc3 Be7 4. Bf4 Nf6 5. e3 0-0 6. Qc2 c5 7. Nf3 Nc6 8. cxd5 exd5 9. Rd1 Qa5 10. Be2 Be6 11. h3 cxd4 12. Nxd4 Nxd4 13. Rxd4 Rac8 14. 0-0 Ne4 15. Qb3 Nxc3 16. bxc3 Rxc3 17. Qxb7 Bf6 18. Bd6 Bxd4 19. Bxf8 Bb6 20. Bd6 Qxa2 21. Bg4 d4 22. exd4 Bxd4 23. Qb4 Qc4 24. Bxe6 fxe6 25. Qb7 Qc8 26. Qe4 Rc4 27. Kh2 Bc5 28. Qe5 Bxd6 29. Qxd6 Qc7 30. Qxc7 Rxc7 31. Ra1 Kf7 32. Kg3 Kf6 33. Ra5 g5 34. h4 h6 35. f3 Rd7 36. hxg5+ hxg5 37. Kg4 Rd4+ 38. Kg3 Rd7 39. Kg4 Rd4+ 40. Kg3 Rd7 1/2-1/2